| 000 | 00922nam a22002177a 4500 | ||
|---|---|---|---|
| 999 |
_c8119 _d8119 |
||
| 003 | AR-CdUCM | ||
| 008 | 190322b ||||| |||| 00| 0 spa d | ||
| 040 |
_aMUNICIPALIDAD PROVINCIAL DEL CUSCO _cBIBLIOTECA MUNICIPAL DEL CUSCO |
||
| 082 |
_a010 / _bOR63 |
||
| 100 |
_aOrduña Rebollo,Enrique _922923 |
||
| 245 | _aBibliografía Iberoamericana de Administración Local / | ||
| 260 |
_aCaracas - Madrid : _bFareso, _c1983. |
||
| 300 |
_a813 páginas ; _c24 cm. |
||
| 505 | _aContenido : Abreviaturas de Entidades y Organismos citados -- Revistas y abreviaturas de revistas utilizadas -- Esquema sistemático de conceptos -- Biografía -- Indice | ||
| 650 |
_aVenezuela _92312 |
||
| 650 |
_aAdministración _922924 |
||
| 650 |
_aBibliografía _9729 |
||
| 710 |
_aAsociación Venezolana de Cooperación Intermunicipal _tInstituto de Estudios de la Administración Local _922925 |
||
| 942 |
_2ddc _cLIBROS |
||
| 945 | _admma | ||